Hint | Answer |
Hic, Haec, Hoc (Masc.) | hic | | 98.1% | Hic, Haec, Hoc (Masc.) | huius | | 93.1% | Hic, Haec, Hoc (Masc.) | huic | | 87.5% | Hic, Haec, Hoc (Masc.) | hi | | 83.7% | Hic, Haec, Hoc (Fem.) | haec | | 83.1% | Hic, Haec, Hoc (Masc.) | hoc | | 82.8% | Hic, Haec, Hoc (Masc.) | horum | | 82.5% | Hic, Haec, Hoc (Masc.) | hunc | | 82.3% | Hic, Haec, Hoc (Masc.) | his | | 82.3% | Hic, Haec, Hoc (Masc.) | his | | 81.7% | Hic, Haec, Hoc (Masc.) | hos | | 81.2% | Hic, Haec, Hoc (Fem.) | huius | | 80.9% | Hic, Haec, Hoc (Neut.) | hoc | | 79.2% | Hic, Haec, Hoc (Neut.) | huius | | 78.7% | Hic, Haec, Hoc (Fem.) | huic | | 78.4% | Hic, Haec, Hoc (Fem.) | hanc | | 78.1% | Hic, Haec, Hoc (Fem.) | hac | | 77.8% | Hic, Haec, Hoc (Fem.) | hae | | 77.6% | Hic, Haec, Hoc (Fem.) | harum | | 77.6% | Hic, Haec, Hoc (Fem.) | his | | 77.6% | Hic, Haec, Hoc (Fem.) | his | | 77.6% | Hic, Haec, Hoc (Fem.) | has | | 77% | Hic, Haec, Hoc (Neut.) | huic | | 76.7% | Hic, Haec, Hoc (Neut.) | hoc | | 76.5% | Hic, Haec, Hoc (Neut.) | hoc | | 75.9% | Hic, Haec, Hoc (Neut.) | horum | | 75.1% | Hic, Haec, Hoc (Neut.) | his | | 74.8% | Hic, Haec, Hoc (Neut.) | his | | 74.2% | Hic, Haec, Hoc (Neut.) | haec | | 73.1% | Ille, Illa, Illud (Masc.) | ille | | 72.6% |
|
Hint | Answer |
Hic, Haec, Hoc (Neut.) | haec | | 72.3% | Ille, Illa, Illud (Masc.) | illius | | 71.2% | Ille, Illa, Illud (Masc.) | illi | | 71.2% | Ille, Illa, Illud (Masc.) | illi | | 68.4% | Ille, Illa, Illud (Masc.) | illum | | 68.1% | Ille, Illa, Illud (Masc.) | illo | | 68.1% | Ille, Illa, Illud (Fem.) | illa | | 68.1% | Ille, Illa, Illud (Masc.) | illorum | | 67.9% | Ille, Illa, Illud (Masc.) | illos | | 67.6% | Ille, Illa, Illud (Neut.) | illud | | 67.6% | Ille, Illa, Illud (Masc.) | illis | | 67.3% | Ille, Illa, Illud (Fem.) | illius | | 67.3% | Ille, Illa, Illud (Fem.) | illi | | 67.3% | Ille, Illa, Illud (Masc.) | illis | | 67% | Ille, Illa, Illud (Neut.) | illi | | 66.8% | Ille, Illa, Illud (Fem.) | illa | | 66.5% | Ille, Illa, Illud (Neut.) | illius | | 66.5% | Ille, Illa, Illud (Fem.) | illae | | 65.9% | Ille, Illa, Illud (Fem.) | illas | | 65.9% | Ille, Illa, Illud (Neut.) | illud | | 65.9% | Ille, Illa, Illud (Fem.) | illam | | 65.7% | Ille, Illa, Illud (Fem.) | illarum | | 65.7% | Ille, Illa, Illud (Fem.) | illis | | 65.7% | Ille, Illa, Illud (Fem.) | illis | | 65.7% | Ille, Illa, Illud (Neut.) | illorum | | 65.7% | Ille, Illa, Illud (Neut.) | illa | | 65.7% | Ille, Illa, Illud (Neut.) | illo | | 65.4% | Ille, Illa, Illud (Neut.) | illa | | 65.4% | Ille, Illa, Illud (Neut.) | illis | | 65.4% | Ille, Illa, Illud (Neut.) | illis | | 65.4% |
|
Hint | Answer |
Iste, Ista, Istud (Masc.) | iste | | 64.5% | Iste, Ista, Istud (Masc.) | istius | | 62.9% | Iste, Ista, Istud (Masc.) | isti | | 62.9% | Iste, Ista, Istud (Masc.) | istum | | 61.5% | Iste, Ista, Istud (Masc.) | isti | | 61.5% | Iste, Ista, Istud (Masc.) | isto | | 61.2% | Iste, Ista, Istud (Masc.) | istorum | | 61.2% | Iste, Ista, Istud (Masc.) | istis | | 61.2% | Iste, Ista, Istud (Masc.) | istos | | 61.2% | Iste, Ista, Istud (Masc.) | istis | | 61.2% | Iste, Ista, Istud (Fem.) | ista | | 61.2% | Iste, Ista, Istud (Neut.) | istud | | 60.7% | Iste, Ista, Istud (Fem.) | isti | | 60.1% | Iste, Ista, Istud (Fem.) | istarum | | 60.1% | Iste, Ista, Istud (Fem.) | istis | | 60.1% | Iste, Ista, Istud (Fem.) | istas | | 60.1% | Iste, Ista, Istud (Fem.) | istis | | 60.1% | Iste, Ista, Istud (Neut.) | isti | | 60.1% | Iste, Ista, Istud (Fem.) | istius | | 59.8% | Iste, Ista, Istud (Fem.) | ista | | 59.8% | Iste, Ista, Istud (Fem.) | istae | | 59.8% | Iste, Ista, Istud (Neut.) | istius | | 59.8% | Iste, Ista, Istud (Neut.) | isto | | 59.6% | Iste, Ista, Istud (Fem.) | istam | | 59.3% | Iste, Ista, Istud (Neut.) | istud | | 59.3% | Iste, Ista, Istud (Neut.) | ista | | 59.3% | Iste, Ista, Istud (Neut.) | istorum | | 59.3% | Iste, Ista, Istud (Neut.) | istis | | 59.3% | Iste, Ista, Istud (Neut.) | ista | | 59% | Iste, Ista, Istud (Neut.) | istis | | 59% |
|
Comments